Nursing diagnosis : (Record no. 16685)
[ view plain ]
| 000 -LEADER | |
|---|---|
| fixed length control field | 00767cam a22002412 4500 |
| 001 - CONTROL NUMBER | |
| control field | 0000025280 |
| 003 - CONTROL NUMBER IDENTIFIER | |
| control field | OSt |
| 005 - DATE AND TIME OF LATEST TRANSACTION | |
| control field | 20180306145645.0 |
| 008 - FIXED-LENGTH DATA ELEMENTS--GENERAL INFORMATION | |
| fixed length control field | 150513s xx 000 0 eng d |
| 020 ## - INTERNATIONAL STANDARD BOOK NUMBER | |
| International Standard Book Number | 1496344944 : |
| 040 ## - CATALOGING SOURCE | |
| Original cataloging agency | KABU |
| Transcribing agency | KABU |
| 050 ## - LIBRARY OF CONGRESS CALL NUMBER | |
| Classification number | RT48.6 |
| Item number | .C37 2017 c. 1 |
| 100 ## - MAIN ENTRY--PERSONAL NAME | |
| Personal name | Carpenito, Lynda Juall |
| 245 10 - TITLE STATEMENT | |
| Title | Nursing diagnosis : |
| Remainder of title | application to clinical practice / |
| Statement of responsibility, etc. | Lynda Juall Carpenito. |
| 250 ## - EDITION STATEMENT | |
| Edition statement | 15th ed. |
| 260 ## - PUBLICATION, DISTRIBUTION, ETC. (IMPRINT) | |
| Place of publication, distribution, etc. | Philadelphia : |
| Name of publisher, distributor, etc. | Wolters Kluwer, |
| Date of publication, distribution, etc. | 2017. |
| 300 ## - PHYSICAL DESCRIPTION | |
| Extent | xix, 1156 p. |
| 650 #0 - SUBJECT ADDED ENTRY--TOPICAL TERM | |
| Topical term or geographic name as entry element | Nursing diagnosis. |
| 700 1# - ADDED ENTRY--PERSONAL NAME | |
| Personal name | Carpenito-Moyet, Lynda Juall. |
| 908 ## - PUT COMMAND PARAMETER (RLIN) | |
| Put command parameter | 150513 |
| 942 ## - ADDED ENTRY ELEMENTS (KOHA) | |
| Source of classification or shelving scheme | Library of Congress Classification |
| Koha item type | General Collection |
| Edition | 15th ed. |
| Classification part | RT48.6 |
| Item part | .C37 2017 c. 1 |
| Withdrawn status | Lost status | Source of classification or shelving scheme | Not for loan | Home library | Current library | Shelving location | Date acquired | Cost, normal purchase price | Total Checkouts | Full call number | Barcode | Date last seen | Date last checked out | Copy number | Price effective from | Koha item type |
|---|---|---|---|---|---|---|---|---|---|---|---|---|---|---|---|---|
| Library of Congress Classification | Kabarak, Main Campus | Kabarak, Main Campus | General Stacks | 06/03/2018 | 7250.00 | 1 | RT48.6 .C37 2017 c. 1 | 33955 | 17/08/2023 | 01/08/2023 | c. 1 | 06/03/2018 | General Collection | |||
| Library of Congress Classification | Kabarak, Main Campus | Kabarak, Main Campus | General Stacks | 06/03/2018 | 7250.00 | 3 | RT48.6 .C37 2017 c. 2 | 024015 | 13/12/2018 | 11/12/2018 | c. 2 | 06/03/2018 | General Collection | |||
| Library of Congress Classification | Kabarak, Main Campus | Kabarak, Main Campus | General Stacks | 06/03/2018 | 7250.00 | 1 | RT48.6 .C37 2017 c. 3 | 024392 | 04/12/2018 | 23/11/2018 | c. 3 | 06/03/2018 | General Collection | |||
| Library of Congress Classification | Kabarak, Main Campus | Kabarak, Main Campus | General Stacks | 06/03/2018 | 5139.00 | 1 | RT48.6 .C37 2017 c. 4 | 022807 | 15/02/2021 | 28/01/2021 | c.4 | 06/03/2018 | General Collection | |||
| Library of Congress Classification | Kabarak, Main Campus | Kabarak, Main Campus | General Stacks | 06/03/2018 | 5139.00 | RT48.6 .C37 2017 c. 5 | 022805 | 22/01/2019 | c.5 | 06/03/2018 | General Collection | |||||
| Library of Congress Classification | Kabarak, Main Campus | Kabarak, Main Campus | General Stacks | 06/03/2018 | 5139.00 | 1 | RT48.6 .C37 2017 c. 6 | 022802 | 10/02/2020 | 22/01/2020 | c.6 | 06/03/2018 | General Collection | |||
| Library of Congress Classification | Kabarak, Main Campus | Kabarak, Main Campus | General Stacks | 06/03/2018 | 5139.00 | RT48.6 .C37 2017 c. 7 | 022803 | 22/01/2019 | c.7 | 06/03/2018 | General Collection |